| 000 | 02219aam a2200301 i 4500 | ||
|---|---|---|---|
| 001 | 768714001 | ||
| 003 | CO-MdFUSB | ||
| 005 | 20250526093551.0 | ||
| 008 | 190809t2003 cau |||| |||| 00| 0 eng d | ||
| 020 | _a0787963879 | ||
| 040 |
_bspa. _aCO-MdFUSB _cCO-MdFUSB _dCO-MdFUSBC _erda |
||
| 041 | _aeng | ||
| 082 | 0 | 4 |
_a22 _2G 248.4 _bM478s |
| 100 | 1 |
_aMcLaren, Brian D. _eautor |
|
| 245 | 1 | 4 |
_aThe story we find ourselves in : _bfurther adventures of a new kind of Christian _c/ Brian D. McLaren |
| 264 | 1 |
_aSan Francisco, California : _bJossey-Bass, _c[2003] |
|
| 264 | 4 | _c© 2003 | |
| 300 |
_a203 páginas _c; 24 cm |
||
| 336 |
_2rdacontent _atexto _btxt |
||
| 337 |
_2rdamedia _asin mediación _bn |
||
| 338 |
_2rdacarrier _avolumen _bnc |
||
| 490 | _aLeadership Network publication. | ||
| 505 | 0 | _aLágrimas en mi cuello. -- En el piso de la ducha. -- La Santa Cena. -- ¿Un compañero para el solitario George?. -- Bocinazos y golpes sordos. -- Estar dando ser a los seres. -- Una historia de emergencia. -- Una obra de arte firmada. -- Apriete los modos normales de pensamiento. -- Demasiado inteligente, demasiado poderoso para su propio bien. -- Lo global y lo personal. -- Un nuevo tipo de personas en el mundo: Un movimiento de resistencia contra el mal. -- Conversación: Dios y la humanidad. -- Sacerdotes y profetas. -- Poetas y filósofos. -- Un brazo enyesado, el otro conectado a una vía intravenosa. -- La emoción de la pesca. -- Todavía en proceso, todavía joven, todavía avanzando. -- Más de lo que pueden mostrar todas las ventanas:Algo especial, algo sagrado. -- La revolución de Dios. -- Hermosa música de verdad y bondad - Enviado a jugar. -- Tramando una revolución espiritual. -- Café con leche asado doble de Kenia. -- Un niño de secundaria en un baile. -- Terminando y comenzando al mismo tiempo. -- Todo vuelve a casa. -- Da mente que se estire a lo grande. -- Un poco de miedo a veces. -- Cuando soñamos con ese tipo de futuro ... -- A navidad. -- Como un cable en la pared. -- Todo lo que consumimos, lo convertimos en ... -- No hay mejor bendición. -- Aún no ha terminado. | |
| 563 | _aRústico | ||
| 650 | 0 |
_919 _aVida cristiana |
|
| 942 | _cBK | ||
| 945 | _aJTF-925 | ||
| 999 |
_c45123 _d45123 |
||